MARC details
| 000 -CABECERA |
| campo de control de longitud fija |
01772nam a2200289 a 4500 |
| 001 - NÚMERO DE CONTROL |
| campo de control |
000030431 |
| 005 - FECHA Y HORA DE LA ÚLTIMA TRANSACCIÓN |
| campo de control |
20200930062317.0 |
| 008 - DATOS DE LONGITUD FIJA--INFORMACIÓN GENERAL |
| campo de control de longitud fija |
110517s2011 dr ac 001 0 spa d |
| 020 ## - NÚMERO INTERNACIONAL ESTÁNDAR DEL LIBRO |
| Número Internacional Estándar del Libro |
9789945164138 |
| 040 ## - FUENTE DE LA CATALOGACIÓN |
| Centro catalogador/agencia de origen |
DO-SdBNP |
| Lengua de catalogación |
spa |
| Centro/agencia transcriptor |
BNPHU |
| 082 ## - NÚMERO DE LA CLASIFICACIÓN DECIMAL DEWEY |
| Número de clasificación |
338.474 |
| Número de documento/Ítem |
S715p |
| 100 1# - ENTRADA PRINCIPAL--NOMBRE DE PERSONA |
| Nombre de persona |
Sosa, José Rafael |
| 9 (RLIN) |
64 |
| 245 10 - MENCIÓN DE TÍTULO |
| Título |
Parqueo nuestro de cada día / |
| Mención de responsabilidad, etc. |
José Rafael Sosa ; colaboradores Omar Rancier, Marcos Barinas, José Emilio Brea García, Leyda Brea y Lorenzo Gómez Martín. |
| 260 ## - PUBLICACIÓN, DISTRIBUCIÓN, ETC. |
| Lugar de publicación, distribución, etc. |
Santo Domingo : |
| Nombre del editor, distribuidor, etc. |
Alas, |
| Fecha de publicación, distribución, etc. |
2011. |
| 300 ## - DESCRIPCIÓN FÍSICA |
| Extensión |
127 p. |
| -- |
il., retrs. ; |
| Dimensiones |
22 cm. |
| 505 0# - NOTA DE CONTENIDO CON FORMATO |
| Título |
Oración del buen parqueo -- |
| -- |
Introito: Cuando me estaciono -- |
| -- |
Previo a todo -- |
| -- |
Prólogo: ¿Estacionar o parquear? / |
| Mención de responsabilidad |
José Emilio Brea García -- |
| Título |
Getting there is half the fun / |
| Mención de responsabilidad |
Marcos Barinas -- |
| Título |
Estacionemos / |
| Mención de responsabilidad |
Omar Rancier -- |
| Título |
Violencia psicológica y urbana: la lucha por el parqueo adopta formas, a veces, absurda -- |
| -- |
Los parqueos privados: los mejores, los peores -- |
| -- |
15 tipos de parquedores: ¿Son un mal necesario? -- |
| -- |
Testimonios: Cuando el parqueo es una pesadilla -- |
| -- |
"No somos responsables":¿Si o no son responsables...? -- |
| -- |
Para aprender a estacionar: Decálogo para aprender a parquear -- |
| -- |
La inspiración al conducir -- |
| Información miscelánea |
Documentos anexos: |
| Título |
La ideología social del automóvil -- |
| -- |
Una solución legislativa. |
| 590 ## - NOTA LOCAL (RLIN) |
| Nota local |
Inventariado,2018/DG |
| 650 #4 - PUNTO DE ACCESO ADICIONAL DE MATERIA--TÉRMINO DE MATERIA |
| Término de materia o nombre geográfico como elemento de entrada |
Servicios de parqueo |
| 9 (RLIN) |
57062 |
| 650 #4 - PUNTO DE ACCESO ADICIONAL DE MATERIA--TÉRMINO DE MATERIA |
| Término de materia o nombre geográfico como elemento de entrada |
Estacionamiento de automóviles |
| 9 (RLIN) |
57063 |
| 650 #4 - PUNTO DE ACCESO ADICIONAL DE MATERIA--TÉRMINO DE MATERIA |
| Término de materia o nombre geográfico como elemento de entrada |
Parqueaderos |
| 9 (RLIN) |
57064 |
| 700 1# - PUNTO DE ACCESO ADICIONAL--NOMBRE DE PERSONA |
| Nombre de persona |
Rancier, Omar, |
| Término indicativo de función/relación |
col. |
| 9 (RLIN) |
57065 |
| 700 1# - PUNTO DE ACCESO ADICIONAL--NOMBRE DE PERSONA |
| Nombre de persona |
Barinas, Marcos, |
| Término indicativo de función/relación |
col. |
| 9 (RLIN) |
57066 |
| 700 1# - PUNTO DE ACCESO ADICIONAL--NOMBRE DE PERSONA |
| Nombre de persona |
Brea García, José Emilio, |
| Término indicativo de función/relación |
col. |
| 9 (RLIN) |
57067 |
| 700 1# - PUNTO DE ACCESO ADICIONAL--NOMBRE DE PERSONA |
| Nombre de persona |
Brea, Leyda, |
| Término indicativo de función/relación |
col. |
| 9 (RLIN) |
57068 |
| 700 1# - PUNTO DE ACCESO ADICIONAL--NOMBRE DE PERSONA |
| Nombre de persona |
Gómez Marín, Lorenzo, |
| Término indicativo de función/relación |
col. |
| 9 (RLIN) |
19763 |
| 910 ## - DATOS DE OPCIÓN DEL USUARIO (OCLC) |
| Datos de opción del usuario |
Validado. Control de calidad EMS |